| 000 | 01073cam a2200289 4500 | ||
|---|---|---|---|
| 001 | 1338834 | ||
| 005 | 19861224000000.0 | ||
| 008 | 700318t19701969nyuabc b 001 0 eng | ||
| 010 | _a 79077744 | ||
| 040 |
_aDLC _cDLC _dDLC |
||
| 043 |
_aaw----- _ae-uk--- |
||
| 050 | 0 | 0 |
_aDS63.2.G7 _bS4 1970 |
| 082 | 0 | 0 |
_a301.2956041 _219 _bSEA |
| 100 | 1 |
_aSearight, Sarah. _910693 |
|
| 245 | 1 | 4 |
_aThe British in the Middle East / _cSarah Searight. |
| 260 |
_aNew York, _bAtheneum, _c1970 [c1969] |
||
| 300 |
_axvi, 215 p. _billus., maps, ports. _c25 cm. |
||
| 490 | 0 | _aA Social history of the British overseas | |
| 500 | _aDonations. | ||
| 500 | _aDonated By: Alaa Abdel Ghaney. | ||
| 504 | _aBibliography: p. 197-201. | ||
| 650 | 0 |
_aBritish _zMiddle East. _910694 |
|
| 651 | 0 |
_aMiddle East _xRelations _zGreat Britain. _910695 |
|
| 651 | 0 |
_aGreat Britain _xRelations _zMiddle East. _910696 |
|
| 942 |
_2ddc _cBB |
||
| 999 |
_c13216 _d13216 |
||